Statystyki dla Kraje Oceanii w 15 sekund

Kliknij tutaj aby rozwiązać quiz!

Ogólne statystyki

  • Ten quiz został rozwiązany 118 razy
  • Średni wynik to 4 z 14

Statystyki odpowiedzi

Kraj Oceanii% Poprawnych
Australia
73%
Nowa Zelandia
55%
Palau
40%
Vanuatu
40%
Fidżi
38%
Nauru
38%
Tuvalu
35%
Samoa
31%
Tonga
25%
Papua Nowa Gwinea
20%
Mikronezja
15%
Wyspy Salomona
15%
Wyspy Marshalla
13%
Kiribari
5%

Rozkład punktacji

Percentyl według liczby udzielonych odpowiedzi

Procent ludzi z każdym wynikiem

Twoja historia wyników

Nie rozwiązałeś tego quizu